000 00981nam a22002537a 4500
001 9213
003 FISKH
005 20251202152119.0
008 251202b cb ||||| |||| 00| 0 eng d
040 _aFISKH
_beng
_cFISKH
_dFISKH
082 _a428.6
100 _aBacon, Ron
245 _aThe magic ride /
_cWritten by Ron Bacon ; Illustatrated by Jim Tsinganos
260 _aMilburn :
_bNelson,
_c1992.
300 _a16 unnumbered pages :
_bcolor illustrations ;
_c19 x 21 cm
505 _aE
520 _aA simple story for beginning readers about a child who takes an imaginative ride and discovers new places and experiences. The book uses repetitive text and supportive illustrations to help early readers build confidence and practice high-frequency words.
521 8 _a200
_bLexile estimate
521 8 _aE
_bRaz-Plus
650 _aHorses
_vImagination
_xMerry-go-round
700 _aTsinganos, Jim
_eillustrator
942 _2ddc
_cBK
_n0
999 _c9213
_d9213